00822cam a22002411 4500952013200000999001700132001000800149003000900157005001700166008004100183010001700224040002800241050001500269082001600284100002000300245006500320260005700385300003500442504003200477650001400509906004500523942001200568 00102ddc40708NFICaASLbASLcGENd2021-06-22eComplimentaryl0o291.2 SWBp109821r2021-06-22 00:00:00tC-1w2021-06-22yBK c25123d251231222104BDDh-ASL20231015030441.0730208s1960 miua b 000 0 eng  a 60009974  aDLCcDLCdDLCdBDDh-ASL00aGN470b.S900a291.2bSWB 1 aSwanson, Guy E.14aThe birth of the gods : bthe origin of primitive beliefs /  aAnn Arbor : bUniversity of Michigan Press, c[1960] aix, 260 p. : btables.c22 cm. aBibliography: p. [244]-255. 0aReligion. a7bcbccorignewdueocipf19gy-gencatlg 2ddccBK